| 000 -LEADER |
| fixed length control field |
00839nam a2200217Ia 4500 |
| 001 - CONTROL NUMBER |
| control field |
17550 |
| 003 - CONTROL NUMBER IDENTIFIER |
| control field |
GE_BSU |
| 008 - FIXED-LENGTH DATA ELEMENTS--GENERAL INFORMATION |
| fixed length control field |
181216s||||||||xx |||||||||||||| ||und|| |
| 020 ## - INTERNATIONAL STANDARD BOOK NUMBER |
| International Standard Book Number |
978-617-638-192-1 |
| 040 ## - CATALOGING SOURCE |
| Transcribing agency |
GE_BSU |
| 080 ## - UNIVERSAL DECIMAL CLASSIFICATION NUMBER |
| Universal Decimal Classification number |
94(477.7)-027 |
| 100 ## - MAIN ENTRY--PERSONAL NAME |
| Personal name |
Гветадзе, Іван Георгійович |
| 245 ## - TITLE STATEMENT |
| Title |
Доброчинна та просвітницька діяльність іноземців на Півдні України (40-ві рр. XIX - початок XX |
| 260 ## - PUBLICATION, DISTRIBUTION, ETC. |
| Place of publication, distribution, etc. |
Донецьк |
| 260 ## - PUBLICATION, DISTRIBUTION, ETC. |
| Date of publication, distribution, etc. |
2013 |
| 300 ## - PHYSICAL DESCRIPTION |
| Extent |
392 стр. |
| 300 ## - PHYSICAL DESCRIPTION |
| Accompanying material |
Бібліогр.: с.313-370 |
| 520 ## - SUMMARY, ETC. |
| Summary, etc. |
На укр. яз |
| 653 ## - INDEX TERM--UNCONTROLLED |
| Uncontrolled term |
Доброчинна та просвітницька діяльність іноземців на Півдні України (40-ві рр. XIX - початок XX |
| 942 ## - ADDED ENTRY ELEMENTS (KOHA) |
| Koha item type |
წიგნი |